[Event "Skopje op"]
[Site "Skopje"]
[Date "2023.12.10"]
[Round "6"]
[White "Karadas, Hena"]
[Black "Petrov, Georgi"]
[Result "1/2-1/2"]
[WhiteElo "1477"]
[BlackElo "2106"]
[PlyCount "85"]
[EventDate "2023.12.06"]
[EventType "swiss"]
[EventRounds "9"]
[EventCountry "MKD"]
[SourceTitle "CB50_2023"]
[SourceDate "2023.12.13"]
[SourceVersion "1"]
[SourceVersionDate "2023.12.13"]
[SourceQuality "1"]

1. d4 Nf6 2. Bf4 e6 3. e3 b6 4. Nf3 Bb7 5. Nbd2 Be7 6. Bd3 Nh5 7. Bg3 d6 8. c3 Nd7 9. Qe2 Bf6 10. Ne4 h6 11. Nfd2 Nxg3 12. hxg3 Be7 13. Nf3 Nf6 14. Nxf6+ Bxf6 15. 0-0-0 Qd7 16. e4 0-0-0 17. e5 Be7 18. Bb5 c6 19. exd6 Qxd6 20. Bc4 Bf6 21. Ne5 Bxe5 22. Qxe5 Qxe5 23. dxe5 c5 24. f3 Kc7 25. a3 Bc6 26. Rxd8 Rxd8 27. Rd1 Rxd1+ 28. Kxd1 Kd7 29. Kd2 Bd5 30. Bb5+ Ke7 31. Ke3 f6 32. exf6+ gxf6 33. Kf4 Bb3 34. Bd3 Kf7 35. g4 Ba4 36. Be4 e5+ 37. Kg3 Bb5 38. Kh4 Kg7 39. g3 Be8 40. f4 Bg6 41. Bd5 Bd3 42. fxe5 fxe5 43. g5 1/2-1/2

[Event "FRM-ch op"]
[Site "Skopje"]
[Date "2023.05.04"]
[Round "1"]
[White "Melnik, Stefan"]
[Black "Petrov, Georgi"]
[Result "0-1"]
[WhiteElo "1395"]
[BlackElo "2150"]
[PlyCount "104"]
[EventDate "2023.05.04"]
[EventType "swiss"]
[EventRounds "9"]
[EventCountry "MKD"]
[SourceTitle "CBM 214 Extra"]
[Source "ChessBase"]
[SourceDate "2023.07.31"]
[SourceVersion "1"]
[SourceVersionDate "2023.07.31"]
[SourceQuality "1"]

1. e4 c5 2. Nf3 e6 3. c3 Nf6 4. e5 Nd5 5. d4 cxd4 6. cxd4 b6 7. Bd3 Bb7 8. Bd2 Be7 9. Nc3 Nxc3 10. Bxc3 0-0 11. 0-0 d6 12. exd6 Qxd6 13. Bc2 Nd7 14. Re1 Nf6 15. Ne5 Qd5 16. f3 Qd6 17. Qd3 g6 18. Rad1 Nd5 19. Bd2 Nb4 20. Bxb4 Qxb4 21. Bb3 Rfd8 22. Qe3 Qd6 23. Qf4 Rf8 24. h4 Bd5 25. Bxd5 Qxd5 26. b3 Rac8 27. h5 g5 28. Qg3 f6 29. Nc4 b5 30. Ne3 Qd6 31. Qxd6 Bxd6 32. d5 Rc3 33. Rc1 Rfc8 34. Rxc3 Rxc3 35. Kf1 Bg3 36. Rd1 Rxe3 37. d6 Re1+ 38. Rxe1 Bxe1 39. Kxe1 Kf7 40. Kd2 e5 41. Kc3 a5 42. a4 bxa4 43. bxa4 Ke6 44. Kc4 Kxd6 45. Kb5 f5 46. Kxa5 Kc5 47. Ka6 e4 48. a5 Kc6 49. fxe4 fxe4 50. Ka7 e3 51. a6 e2 52. Kb8 e1Q 0-1

[Event "FRM-ch op"]
[Site "Skopje"]
[Date "2022.05.03"]
[Round "7"]
[White "Petrov, Georgi"]
[Black "Krstev, Emil"]
[Result "1/2-1/2"]
[WhiteElo "2153"]
[BlackElo "1930"]
[PlyCount "42"]
[EventDate "2022.04.29"]
[EventType "swiss"]
[EventRounds "9"]
[EventCountry "MKD"]
[SourceTitle "CBM 208 Extra"]
[Source "ChessBase"]
[SourceDate "2022.07.31"]
[SourceVersion "1"]
[SourceVersionDate "2022.07.31"]
[SourceQuality "1"]

1. c4 f5 2. Nc3 Nf6 3. d4 e6 4. a3 b6 5. Bf4 Bb7 6. Nf3 d6 7. e3 Ne4 8. Nxe4 fxe4 9. Nd2 Qf6 10. Be2 Nd7 11. Qc2 Qg6 12. Bg3 Be7 13. 0-0-0 0-0-0 14. f3 Bg5 15. Nxe4 Bxe3+ 16. Kb1 Bxe4 17. fxe4 e5 18. d5 h5 19. Bh4 Rdf8 20. Bf3 Qh6 21. Qe2 Bd4 1/2-1/2

[Event "FRM-ch op"]
[Site "Skopje"]
[Date "2022.04.30"]
[Round "3"]
[White "Nikolovski, Nikola"]
[Black "Petrov, Georgi"]
[Result "0-1"]
[WhiteElo "2372"]
[BlackElo "2153"]
[PlyCount "120"]
[EventDate "2022.04.29"]
[EventType "swiss"]
[EventRounds "9"]
[EventCountry "MKD"]
[SourceTitle "CBM 208 Extra"]
[Source "ChessBase"]
[SourceDate "2022.07.31"]
[SourceVersion "1"]
[SourceVersionDate "2022.07.31"]
[SourceQuality "1"]

1. e4 e6 2. d3 d5 3. Qe2 Nf6 4. e5 Nfd7 5. f4 c5 6. Nf3 Nc6 7. g3 Be7 8. Bg2 Nb6 9. c3 Bd7 10. 0-0 Qc7 11. Na3 a6 12. Nc2 0-0-0 13. Be3 Be8 14. b3 Kb8 15. c4 f6 16. exf6 Bxf6 17. Rad1 Ne7 18. Bf2 Bg6 19. Ne3 Rhe8 20. Ng4 Nf5 21. Nxf6 gxf6 22. g4 Nd6 23. Bh4 Nd7 24. Qb2 d4 25. b4 Qb6 26. Qf2 Qxb4 27. Rb1 Qa5 28. f5 exf5 29. Bg3 Ne5 30. Nh4 Ka7 31. gxf5 Bf7 32. Rb3 Rd7 33. Rfb1 Ree7 34. Nf3 Ng4 35. Qb2 b5 36. Ra3 Qb6 37. cxb5 a5 38. Qd2 Nb7 39. Qf4 Ne5 40. Nd2 Nd6 41. Ne4 Nxe4 42. Bxe4 Bd5 43. Be1 Rg7+ 44. Kf1 Rg4 45. Qc1 Bxe4 46. dxe4 Rdg7 47. Bg3 h5 48. Qe1 Nc4 49. Ra4 Ne3+ 50. Ke2 Rxe4 51. Rxa5+ Kb7 52. Kd3 Rge7 53. Ra6 c4+ 54. Kd2 Qc5 55. Bd6 c3+ 56. Kc1 Qc4 57. Bxe7 d3 58. Rd6 d2+ 59. Rxd2 cxd2+ 60. Kxd2 Qc2# 0-1

[Event "SRB-chT 2nd League East"]
[Site "Knic"]
[Date "2019.09.07"]
[Round "3.2"]
[White "Petrov, Georgi"]
[Black "Djukic, Zeljko"]
[Result "1/2-1/2"]
[WhiteElo "2132"]
[BlackElo "2279"]
[PlyCount "23"]
[EventDate "2019.09.06"]
[EventType "team-tourn"]
[EventRounds "11"]
[EventCountry "SRB"]
[SourceTitle "EXT 2020"]
[Source "ChessBase"]
[SourceDate "2019.10.17"]
[SourceVersion "1"]
[SourceVersionDate "2019.10.17"]
[SourceQuality "1"]
[WhiteTeam "Aleksinac"]
[BlackTeam "Nis Svitanja"]
[WhiteTeamCountry "SRB"]
[BlackTeamCountry "SRB"]

1. e4 c5 2. Nf3 Nc6 3. d4 cxd4 4. Nxd4 Qb6 5. Nb3 Nf6 6. Nc3 e6 7. Bd3 a6 8. 0-0 Qc7 9. f4 d6 10. Bd2 b5 11. a3 Be7 12. Qe2 1/2-1/2

[Event "SRB-chT2 East"]
[Site "Serbia"]
[Date "2018.09.09"]
[Round "5.5"]
[White "Petrov, Georgi"]
[Black "Zivic, Dragan"]
[Result "1/2-1/2"]
[WhiteElo "2174"]
[BlackElo "2175"]
[PlyCount "61"]
[EventDate "2018.09.07"]
[EventType "team-tourn"]
[EventRounds "11"]
[EventCountry "SRB"]
[SourceTitle "EXT 2021"]
[Source "ChessBase"]
[SourceDate "2020.10.23"]
[SourceVersion "1"]
[SourceVersionDate "2020.10.23"]
[SourceQuality "1"]
[WhiteTeam "Pirot Cast i Slava"]
[BlackTeam "Nis Nais"]
[WhiteTeamCountry "SRB"]
[BlackTeamCountry "SRB"]

1. Nf3 c5 2. c4 Nf6 3. g3 b6 4. Bg2 Bb7 5. 0-0 e6 6. Nc3 Be7 7. d4 cxd4 8. Qxd4 0-0 9. Rd1 d6 10. Bg5 Nc6 11. Qd2 Na5 12. b3 Qb8 13. Rac1 Rd8 14. Qe3 h6 15. Bxf6 Bxf6 16. Rc2 Rd7 17. Rcd2 Qf8 18. Bh3 Rad8 19. Ne4 Be7 20. Ne5 Rc7 21. Nd3 d5 22. Qf4 dxe4 23. Qxc7 exd3 24. Rxd3 Rc8 25. Qf4 Bg5 26. Qd4 Nc6 27. Qd7 Ba8 28. Rd6 Be7 29. R6d2 Bg5 30. Rd6 Be7 31. R6d2 1/2-1/2

[Event "SRB-chT2 East"]
[Site "Serbia"]
[Date "2018.09.08"]
[Round "3.4"]
[White "Miljkovic, Mihajlo"]
[Black "Petrov, Georgi"]
[Result "1-0"]
[WhiteElo "2255"]
[BlackElo "2174"]
[PlyCount "67"]
[EventDate "2018.09.07"]
[EventType "team-tourn"]
[EventRounds "11"]
[EventCountry "SRB"]
[SourceTitle "EXT 2021"]
[Source "ChessBase"]
[SourceDate "2020.10.23"]
[SourceVersion "1"]
[SourceVersionDate "2020.10.23"]
[SourceQuality "1"]
[WhiteTeam "Kursumlija"]
[BlackTeam "Pirot Cast i Slava"]
[WhiteTeamCountry "SRB"]
[BlackTeamCountry "SRB"]

1. d4 d5 2. c4 e6 3. Nc3 Be7 4. Nf3 c6 5. Bf4 Nf6 6. e3 0-0 7. c5 Qa5 8. a3 Ne4 9. b4 Nxc3 10. Qc2 Qa4 11. Qxc3 a5 12. Rb1 axb4 13. axb4 Nd7 14. Bd3 Qa3 15. Qc2 h6 16. 0-0 Bf6 17. Rb3 Qa4 18. Rfb1 b5 19. Qc3 Bb7 20. Bc2 Be7 21. R3b2 Qa7 22. Bg3 Ba6 23. Ra2 Qb7 24. Qb3 f5 25. h3 Ra7 26. Rba1 Kh7 27. Kh1 Nf6 28. Ne5 Ne4 29. Bxe4 fxe4 30. f3 exf3 31. Qd3+ Kg8 32. Qg6 fxg2+ 33. Rxg2 Bf6 34. Ng4 1-0

[Event "SRB-chT2 East"]
[Site "Serbia"]
[Date "2018.09.08"]
[Round "2.6"]
[White "Petrov, Georgi"]
[Black "Grkovic, Vladan"]
[Result "0-1"]
[WhiteElo "2174"]
[BlackElo "2236"]
[PlyCount "112"]
[EventDate "2018.09.07"]
[EventType "team-tourn"]
[EventRounds "11"]
[EventCountry "SRB"]
[SourceTitle "EXT 2021"]
[Source "ChessBase"]
[SourceDate "2020.10.23"]
[SourceVersion "1"]
[SourceVersionDate "2020.10.23"]
[SourceQuality "1"]
[WhiteTeam "Pirot Cast i Slava"]
[BlackTeam "Nis Svitanja"]
[WhiteTeamCountry "SRB"]
[BlackTeamCountry "SRB"]

1. Nf3 d5 2. d4 Nf6 3. c4 c6 4. Qb3 e6 5. Bg5 Nbd7 6. Nbd2 Qa5 7. Bxf6 Nxf6 8. e3 Bb4 9. a3 Bxd2+ 10. Nxd2 Ne4 11. Rd1 0-0 12. Bd3 Nxd2 13. Rxd2 Rb8 14. Qc2 h6 15. 0-0 b5 16. cxb5 cxb5 17. Rdd1 b4 18. Qd2 Qb6 19. Rc1 Ba6 20. Rc5 bxa3 21. bxa3 Bxd3 22. Qxd3 Rfc8 23. Rxc8+ Rxc8 24. Rb1 Qa5 25. g3 g6 26. Qb3 Qd2 27. Kg2 Kg7 28. Qb4 Qd3 29. a4 Rc4 30. Qb5 a6 31. Qb3 Qxb3 32. Rxb3 Rxa4 33. Rb7 Ra3 34. Kf3 a5 35. Kf4 Ra2 36. Kf3 a4 37. Ra7 a3 38. g4 g5 39. Kg3 Ra1 40. Kf3 Kg6 41. Ra6 h5 42. h3 a2 43. Kg2 h4 44. Kf3 f6 45. Kg2 Kf7 46. Ra7+ Ke8 47. Ra8+ Kd7 48. Ra7+ Kc6 49. Kf3 Kb5 50. Ra8 Kb4 51. Rb8+ Kc3 52. Rc8+ Kd2 53. Ra8 f5 54. Ra3 fxg4+ 55. hxg4 h3 56. Kg3 Rg1+ 0-1

[Event "Paracin Summer op-A 11th"]
[Site "Paracin"]
[Date "2018.07.11"]
[Round "7"]
[White "Radojkovic, Stefan"]
[Black "Petrov, Georgi"]
[Result "0-1"]
[WhiteElo "2105"]
[BlackElo "2213"]
[PlyCount "107"]
[EventDate "2018.07.06"]
[EventType "swiss"]
[EventRounds "9"]
[EventCountry "SRB"]
[SourceTitle "EXT 2019"]
[Source "ChessBase"]
[SourceDate "2018.10.10"]
[SourceVersion "1"]
[SourceVersionDate "2018.10.10"]
[SourceQuality "1"]

1. Nf3 c5 2. c4 Nc6 3. b3 Nf6 4. Bb2 d6 5. d4 cxd4 6. Nxd4 Bd7 7. Nc3 Nxd4 8. Qxd4 g6 9. Nd5 Bg7 10. g3 0-0 11. Bg2 Bc6 12. 0-0 a5 13. e4 a4 14. f4 axb3 15. axb3 Rxa1 16. Rxa1 Ne8 17. e5 dxe5 18. fxe5 Nc7 19. Qc5 Bxd5 20. cxd5 Na6 21. Qd4 Qd7 22. Qb6 Rc8 23. e6 fxe6 24. Bh3 Nc7 25. Qxb7 Rd8 26. Bxg7 Kxg7 27. Ra7 Qxd5 28. Qxd5 Nxd5 29. Bxe6 Kf6 30. Rd7 Rxd7 31. Bxd7 Nb6 32. Bc6 Ke5 33. Kf2 Kd4 34. Kf3 Nc8 35. Kf4 Nd6 36. Kg5 Nf7+ 37. Kh4 e5 38. b4 e4 39. b5 Ne5 40. Bxe4 Kxe4 41. b6 Kf5 42. b7 Nd7 43. g4+ Kf6 44. Kg3 g5 45. Kf3 Ke5 46. Ke3 h6 47. Kf3 Kd4 48. h3 Kd3 49. Kf2 Ke4 50. Ke2 Kf4 51. Kf2 Nb8 52. Kg2 Ke3 53. Kg3 Nd7 54. Kg2 0-1

[Event "Paracin Summer op-A 11th"]
[Site "Paracin"]
[Date "2018.07.07"]
[Round "3"]
[White "Alivodic, Dario"]
[Black "Petrov, Georgi"]
[Result "0-1"]
[WhiteElo "1930"]
[BlackElo "2213"]
[PlyCount "120"]
[EventDate "2018.07.06"]
[EventType "swiss"]
[EventRounds "9"]
[EventCountry "SRB"]
[SourceTitle "EXT 2019"]
[Source "ChessBase"]
[SourceDate "2018.10.10"]
[SourceVersion "1"]
[SourceVersionDate "2018.10.10"]
[SourceQuality "1"]

1. d4 Nf6 2. Nf3 d5 3. c4 e6 4. Nc3 c6 5. Bg5 Be7 6. e3 0-0 7. Qc2 Na6 8. a3 Nc7 9. Rc1 h6 10. Bh4 Bd7 11. Be2 Rc8 12. 0-0 Nh5 13. Bxe7 Qxe7 14. Ne5 Nf6 15. c5 Rfd8 16. f4 Be8 17. Rf3 Nd7 18. g4 f6 19. Nxd7 Bxd7 20. e4 e5 21. dxe5 Qxc5+ 22. Rf2 fxe5 23. fxe5 Rf8 24. Bd1 d4 25. Nd5 Qxc2 26. Ne7+ Kh7 27. Rcxc2 Rxf2 28. Kxf2 Re8 29. Nf5 Bxf5 30. gxf5 Rxe5 31. Kf3 Re7 32. Rc4 Rd7 33. Ke2 Na6 34. Kd3 c5 35. Ba4 Rc7 36. b4 b6 37. e5 Kg8 38. Ke4 Kf7 39. Kd5 cxb4 40. axb4 Rxc4 41. Kxc4 d3 42. Bb3 Ke7 43. h4 d2 44. Kc3 Nb8 45. Kxd2 Nc6 46. Kd3 Nxe5+ 47. Ke4 Kd6 48. h5 Nd7 49. Bf7 a5 50. bxa5 bxa5 51. f6 Nxf6+ 52. Kf5 Ke7 53. Kg6 Kf8 54. Bb3 Ne4 55. Kf5 Nc3 56. Kg6 a4 57. Bc4 a3 58. Kh7 a2 59. Bg8 a1Q 60. Kg6 Ne4 0-1

[Event "Skopje Karposh op"]
[Site "Skopje"]
[Date "2018.03.25"]
[Round "3"]
[White "Zajic, Milan"]
[Black "Petrov, Georgi"]
[Result "1-0"]
[WhiteElo "2507"]
[BlackElo "2215"]
[PlyCount "119"]
[EventDate "2018.03.24"]
[EventType "swiss"]
[EventRounds "9"]
[EventCountry "MKD"]
[SourceTitle "CBM 183 Extra"]
[Source "ChessBase"]
[SourceDate "2018.04.19"]
[SourceVersion "1"]
[SourceVersionDate "2018.04.19"]
[SourceQuality "1"]

1. e4 e6 2. d4 d5 3. Nd2 dxe4 4. Nxe4 Bd7 5. Nf3 Bc6 6. Bd3 Nf6 7. Ng3 Be7 8. 0-0 0-0 9. Re1 Nbd7 10. c3 b6 11. Qe2 Bb7 12. Ng5 Bd6 13. N3e4 Nxe4 14. Nxe4 Nf6 15. Nxd6 Qxd6 16. Bg5 Qd5 17. f4 c5 18. Bxf6 gxf6 19. Qg4+ Kh8 20. Be4 Qxe4 21. Rxe4 Bxe4 22. Qh4 Kg7 23. Re1 Bg6 24. g4 cxd4 25. f5 exf5 26. gxf5 Bxf5 27. Rf1 Bg6 28. Qxd4 Rad8 29. Qxf6+ Kg8 30. Qg5 Rfe8 31. Kf2 Rd6 32. Re1 Red8 33. Re3 Kg7 34. Qe5+ Kg8 35. c4 a5 36. Qb5 Kg7 37. Qe5+ Kg8 38. Qb5 Kg7 39. c5 bxc5 40. Qxa5 Rd5 41. Qe1 Rf5+ 42. Rf3 Rfd5 43. Qc3+ Kg8 44. Re3 Rf5+ 45. Ke1 Bh5 46. Rg3+ Bg6 47. Rg2 Rfd5 48. Re2 Rd1+ 49. Kf2 R1d5 50. a4 Rh5 51. Ke1 Rhd5 52. b3 Rd3 53. Qc4 Rd1+ 54. Kf2 Bd3 55. Re8+ Rxe8 56. Qg4+ Bg6 57. Qxd1 h5 58. Qd5 Rb8 59. a5 Rb4 60. a6 1-0

[Event "SRB-chT2 East"]
[Site "Serbia"]
[Date "2017.09.10"]
[Round "5.2"]
[White "Todorovic, Bojan"]
[Black "Petrov, Georgi"]
[Result "1-0"]
[WhiteElo "2351"]
[BlackElo "2227"]
[PlyCount "27"]
[EventDate "2017.09.08"]
[EventType "team-tourn"]
[EventRounds "11"]
[EventCountry "SRB"]
[SourceTitle "EXT 2022"]
[Source "ChessBase"]
[SourceDate "2021.10.06"]
[SourceVersion "1"]
[SourceVersionDate "2021.10.06"]
[SourceQuality "1"]

1. d4 Nf6 2. c4 e6 3. Nf3 b6 4. g3 Bb7 5. Bg2 Bb4+ 6. Nbd2 0-0 7. 0-0 Be7 8. b3 Ne4 9. Qc2 Nxd2 10. Bxd2 d6 11. Ng5 Bxg5 12. Bxb7 Nd7 13. Bxa8 Bxd2 14. Be4 1-0

[Event "EU-ch Amateur U2300"]
[Site "Nis"]
[Date "2017.06.14"]
[Round "6"]
[White "Sahin, Ozgun"]
[Black "Petrov, Georgi"]
[Result "1/2-1/2"]
[WhiteElo "2164"]
[BlackElo "2207"]
[PlyCount "81"]
[EventDate "2017.06.10"]
[EventType "swiss"]
[EventRounds "9"]
[EventCountry "SRB"]
[SourceTitle "EXT 2018"]
[Source "ChessBase"]
[SourceDate "2017.10.13"]
[SourceVersion "1"]
[SourceVersionDate "2017.10.13"]
[SourceQuality "1"]

1. e4 c5 2. c3 Nf6 3. e5 Nd5 4. d4 cxd4 5. Nf3 e6 6. cxd4 b6 7. a3 Bb7 8. Bd3 Be7 9. 0-0 0-0 10. Qe2 f5 11. exf6 Nxf6 12. Nc3 Nc6 13. Bg5 Qe8 14. Ne4 Na5 15. b4 Bxe4 16. Bxe4 Nxe4 17. Qxe4 Nc4 18. Bxe7 Qxe7 19. d5 Rxf3 20. d6 Qd8 21. Qxf3 Nd2 22. Qf4 Nxf1 23. Rxf1 Qc8 24. Rc1 Qa6 25. Rc3 Qe2 26. Qc1 Rf8 27. f3 Qe5 28. Qd2 a5 29. Rc7 Qb5 30. Qc3 h6 31. Qc4 Qa4 32. bxa5 Qd1+ 33. Kf2 Qxd6 34. a6 b5 35. Qc3 Qxa6 36. Rxd7 Rf7 37. Rxf7 Kxf7 38. Qc7+ Kf6 39. Qf4+ Kg6 40. Qe4+ Kf6 41. Qf4+ 1/2-1/2

[Event "EU-ch Amateur U2300"]
[Site "Nis"]
[Date "2017.06.11"]
[Round "3"]
[White "Aytekin, Murat Eren"]
[Black "Petrov, Georgi"]
[Result "0-1"]
[WhiteElo "2063"]
[BlackElo "2207"]
[PlyCount "126"]
[EventDate "2017.06.10"]
[EventType "swiss"]
[EventRounds "9"]
[EventCountry "SRB"]
[SourceTitle "EXT 2018"]
[Source "ChessBase"]
[SourceDate "2017.10.13"]
[SourceVersion "1"]
[SourceVersionDate "2017.10.13"]
[SourceQuality "1"]

1. d4 Nf6 2. c4 e6 3. Nf3 b6 4. g3 Bb7 5. Bg2 Bb4+ 6. Bd2 Qe7 7. 0-0 Bxd2 8. Qxd2 0-0 9. Nc3 d6 10. b4 Nbd7 11. d5 a6 12. Ne1 exd5 13. cxd5 b5 14. Nc2 Nb6 15. Ne3 Rfe8 16. a4 bxa4 17. Nxa4 Nxa4 18. Rxa4 Qd7 19. Ra2 Rab8 20. Rc1 Re7 21. Qd4 Rbe8 22. Rac2 Qc8 23. Qa7 Rd8 24. h4 Ne8 25. Kh2 Qb8 26. Qd4 Bc8 27. Bf3 Qb5 28. h5 h6 29. Bg4 Bxg4 30. Qxg4 Nf6 31. Qc4 Qb6 32. Ra1 Nxh5 33. Rxa6 Qb7 34. Rc6 Rde8 35. Rxc7 Rxc7 36. Qxc7 Qxb4 37. Qd7 Nf6 38. Qf5 Qd4 39. Rc8 g6 40. Rxe8+ Nxe8 41. Qc8 Qe4 42. Qc4 Qxc4 43. Nxc4 f5 44. f3 Kf7 45. e4 fxe4 46. fxe4 Ke7 47. e5 dxe5 48. Nxe5 g5 49. g4 Nf6 50. Kg3 Nxd5 51. Nc6+ Kf6 52. Kf3 Ne7 53. Nxe7 Kxe7 54. Ke3 Ke6 55. Ke4 Kf6 56. Kd4 Kg6 57. Ke4 h5 58. gxh5+ Kxh5 59. Kf3 Kh4 60. Kg2 Kg4 61. Kh2 Kf3 62. Kh1 Kg3 63. Kg1 g4 0-1

[Event "Skopje Karposh op"]
[Site "Skopje"]
[Date "2017.04.05"]
[Round "6"]
[White "Zlatanovic, Boroljub"]
[Black "Petrov, Georgi"]
[Result "1-0"]
[WhiteElo "2402"]
[BlackElo "2174"]
[PlyCount "69"]
[EventDate "2017.04.01"]
[EventType "swiss"]
[EventRounds "9"]
[EventCountry "MKD"]
[SourceTitle "CBM 177 Extra"]
[Source "ChessBase"]
[SourceDate "2017.04.27"]
[SourceVersion "1"]
[SourceVersionDate "2017.04.27"]
[SourceQuality "1"]

1. Nc3 d5 2. e4 c6 3. d4 dxe4 4. Nxe4 Nd7 5. Bc4 Ngf6 6. Ng5 e6 7. Qe2 Nb6 8. Bb3 h6 9. N5f3 a5 10. a4 Bd6 11. Ne5 Qc7 12. Ngf3 Nbd5 13. 0-0 0-0 14. c3 b6 15. Re1 Ba6 16. Qc2 c5 17. dxc5 Bxc5 18. Bd2 Rac8 19. Rad1 Bd6 20. Bc1 Rfd8 21. h3 Nb4 22. Qb1 Nbd5 23. Bc2 Bb7 24. Bd3 Nd7 25. Bh7+ Kf8 26. Nxf7 Kxf7 27. Qg6+ Kf8 28. Qxe6 N7f6 29. Nh4 Ne7 30. Rxd6 Rxd6 31. Qxe7+ Qxe7 32. Ng6+ Ke8 33. Nxe7 Rc4 34. Nf5+ Kd7 35. Re7+ 1-0